History Past, Present and Future (Record n. 101699)

Dettagli MARC
000 -LEADER
fixed length control field 01467njm a2200301Ia 4500
001 - CONTROL NUMBER
control field D2641
003 - CONTROL NUMBER IDENTIFIER
control field IT-RoPAU
005 - DATE AND TIME OF LATEST TRANSACTION
control field 20220918181146.0
008 - FIXED-LENGTH DATA ELEMENTS--GENERAL INFORMATION
fixed length control field 131025s9999 xx 000 0 und d
040 ## - CATALOGING SOURCE
Original cataloging agency IT-RoPAU
040 ## - CATALOGING SOURCE
Transcribing agency IT-RoPAU
041 ## - LANGUAGE CODE
Language code of text/sound track or separate title INGLESE
999 ## - SYSTEM CONTROL NUMBERS (KOHA)
Koha Dewey Subclass [OBSOLETE] n.d.
100 ## - MAIN ENTRY--PERSONAL NAME
Personal name Jackson Michael
9 (RLIN) 23149
100 ## - MAIN ENTRY--PERSONAL NAME
Relator term Autore musica
9 (RLIN) 30738
100 ## - MAIN ENTRY--PERSONAL NAME
Miscellaneous information Codice autore musica SPICS: 11497
9 (RLIN) 23151
245 ## - TITLE STATEMENT
Title History Past, Present and Future
250 ## - EDITION STATEMENT
Edition statement 1a ed.
260 ## - PUBLICATION, DISTRIBUTION, ETC. (IMPRINT)
Place of publication, distribution, etc. HOLLAND
260 ## - PUBLICATION, DISTRIBUTION, ETC. (IMPRINT)
Name of publisher, distributor, etc. MJJ PRODUCTIONS INC.
Date of publication, distribution, etc. 1995 [1a Ed.:1995 - Ed. Lingua Orig.: 1995]
300 ## - PHYSICAL DESCRIPTION
Extent COMPACT DISC
500 ## - GENERAL NOTE
General note Musica rock.
505 ## - FORMATTED CONTENTS NOTE
Formatted contents note Billie Jean - The Way You Make Me Feel - Black Or White - Rock With You - She's Out of My Life - Bad - I Just Can't Stop Loving You - Man In the Mirror - Thriller - Beat It - The Girl Is Mine - Remember the Time - Don't Stop 'Til You Get Enough - Wanna Be Startin' Somethin' - Heal the World - Scream - They Don't Care About Us - Stranger In Moscow - This Time Around - Earth Song - D.S. - Money - Come Together - You Are Not Alone - Childhood (Theme From "Free Willy 2") - Tabloid Junkie - Bad - History - Little Susie - Smile
650 ## - SUBJECT ADDED ENTRY--TOPICAL TERM
Topical term or geographic name as entry element ROCK [COMPACT DISC]
Relator term Codice MATERIA SPICS: 9949
9 (RLIN) 30739
700 ## - ADDED ENTRY--PERSONAL NAME
Personal name Jackson Michael
Relator term Autore testo e musica
Miscellaneous information Codice autore testo/musica SPICS: 11497
9 (RLIN) 30740
700 ## - ADDED ENTRY--PERSONAL NAME
Personal name Jackson Michael
Miscellaneous information Codice interprete SPICS: 11497
Relator term Interprete
9 (RLIN) 30741
942 ## - ADDED ENTRY ELEMENTS (KOHA)
Koha item type CD AUDIO
Source of classification or shelving scheme Dewey Decimal Classification
Dati di copia
Withdrawn status Lost status Damaged status Not for loan Home library Current library Date acquired Total Checkouts Full call number Date last seen Price effective from Koha item type Public note
    Buone Condizioni Not For Loan SPICS-MEDIATECA SPICS-MEDIATECA 25/10/2013   D2641 25/10/2013 25/10/2013 CD AUDIO Progr. Ins.: 1816 / N.Vol.: 2 / Copie: 1 - Copia rara: n.d. / date import: 01.01.2014 - By Epidotti, Trombetti, Vaglietti
CREDITS: SOCIETA' SAN PAOLO Via A.Severo, 58 - ROMA (RM) & PERIODICI SAN PAOLO SRL Via Giotto, 36 MILANO & CISF Via Giotto, 36 MILANO & EDIZIONI SAN PAOLO SRL,  Piazza Soncino, 5 CINISELLO BALSAMO (MI) -- ITALY